000 00661nam a22002177a 4500
005 20170919170223.0
010 _aENG-120816
020 _a9788131251638
_c895.00
035 _aEN-104348
037 _bDBAD/PUB
082 _a345.42
100 _aPillai, P.S.A.
245 _aP.S.A. Pillai's criminal law /
_cby P S A Pillai [and] K. I. Vibhute
250 _a13th ed
260 _aGurgaon
_bLexis Nexis
_c2017
270 _a14th Floor, Building No.10, Tower-B, DLF Cyber City, Phase-II
_bGurgaon
_e122002
300 _acxxv,1111p.
_c25cm(pbk)
500 _aIncludes index
700 _aVibhute, K.I.
942 _2ddc
_cEN
_mPIL
_h345.42
999 _c145013
_d145013